| 000 | 00681nam a22002417a 4500 | ||
|---|---|---|---|
| 008 | 130430b xxu||||| |||| 00| 0 eng d | ||
| 024 | _cAvailable | ||
| 037 | _cAvailable | ||
| 040 |
_aMBSTU LIBRARY _dMBSTU LIBRARY |
||
| 082 |
_222 _a345.02 POL |
||
| 110 | _aDelhi Law House. | ||
| 245 | _aPolice handbook : containing important acts and rules. | ||
| 250 | _a9th | ||
| 260 |
_aNew Delhi. _bDelhi Law House. _c1986 |
||
| 300 |
_a24 cm. _b1549 page _f1 _g24 cm. |
||
| 600 | _aCrimes. | ||
| 650 | _2Crimes. | ||
| 710 | _aDelhi Law House. | ||
| 270 |
_aNew Delhi. _bNew Delhi. _dIndia |
||
| 365 |
_b425.00 _d425.00 |
||
| 942 |
_2ddc _cBK |
||
| 999 |
_c289 _d289 |
||